Т. 6 : 1966 - июнь 1968 года; Решения партии и правительства по хозяйственным вопросам

書誌詳細
Parent link:Решения партии и правительства по хозяйственным вопросам: сборник документов/ сост. К. У. Черненко и М. С. Смиртюков. Т. 6 : 1966 - июнь 1968 года.— , 1967-
言語:ロシア語
出版事項: 1968
主題:
フォーマット: 図書
KOHA link:https://koha.lib.tpu.ru/cgi-bin/koha/opac-detail.pl?biblionumber=340176

MARC

LEADER 00000nam2a2200000 4500
001 340176
005 20231102005218.0
035 |a (RuTPU)RU\TPU\book\366770 
090 |a 340176 
100 |a 20180222d1968 k y0rusy50 ca 
101 0 |a rus 
102 |a RU 
105 |a y z 001zy 
200 0 |a Т. 6 : 1966 - июнь 1968 года 
210 |d 1968 
215 |a 816 с. 
320 |a Тематический и алфавитно-предметный указатели к 1-6 томам: с. 745-808 
461 1 |0 (RuTPU)RU\TPU\book\301369  |t Решения партии и правительства по хозяйственным вопросам  |o сборник документов  |f сост. К. У. Черненко и М. С. Смиртюков  |v Т. 6 : 1966 - июнь 1968 года  |d 1967- 
606 1 |a Пленумы ЦК КПСС  |2 stltpush  |3 (RuTPU)RU\TPU\subj\49241  |9 68042 
606 1 |a Коммунистическое строительство  |x в СССР  |2 stltpush  |3 (RuTPU)RU\TPU\subj\14941  |9 41261 
606 1 |a Стратегия и тактика КПСС  |2 stltpush  |3 (RuTPU)RU\TPU\subj\57190  |9 75053 
610 1 |a постановления 
610 1 |a директивы 
610 1 |a указы 
610 1 |a законы 
686 |a У9(2)0  |v LBC/SL-A  |2 rubbk 
686 |a Ф61(2)273  |v LBC/SL-A  |2 rubbk 
686 |a Ф61(2)4  |v LBC/SL-A  |2 rubbk 
801 1 |a RU  |b 63413507  |c 20180222 
801 2 |a RU  |b 63413507  |c 20201023  |g RCR 
942 |c BK